Problèmes globaux en mécanique relativiste /
Guardado en:
| Autor Principal: | |
|---|---|
| Formato: | Libro |
| Idioma: | French |
| Publicado: |
Paris :
Hermann,
1939.
|
| Series: | Actualités scientifiques et industrielles ;
833 Exposés de géométrie ; 12 |
| Etiquetas: |
Agregar Etiqueta
Sin Etiquetas, Sea el primero en etiquetar este registro!
|
| LEADER | 00562nam a22001695a 4500 | ||
|---|---|---|---|
| 001 | MAT.inmabb000561 | ||
| 008 | 031118s1939####fr############001#0#fre#d | ||
| 005 | 20170801152507.0 | ||
| 245 | 1 | 0 | |a Problèmes globaux en mécanique relativiste / |c par André Lichnerowicz. |
| 260 | |a Paris : |b Hermann, |c 1939. | ||
| 300 | |a 78 p. | ||
| 440 | 0 | |a Actualités scientifiques et industrielles ; |v 833 | |
| 440 | 0 | |a Exposés de géométrie ; |v 12 | |
| 510 | 4 | |a MR, |c MR0001686 | |
| 100 | 1 | |a Lichnerowicz, André, |d 1915-1998. | |
| 084 | |a 83-XX |2 msc2000 | ||
| 859 | |h 83 |i L698 |p A-349 |b BIB. MATEMATICA | ||
